00740nam a2200241 a 4500001001300000003000900013005001700022008004100039020002300080082001700103100001700120245004500137260003700182300000900219500003500228505002400263650003200287700001700319902000800336942000700344952013000351999001700481nice12345678IN_TiNIC20260116014222.0050524s2005 dela grp 000 0 eng  a8183248 c69500a291.422bADH aAdhakha, S K aReligious Mysticismb Hinduism and Islam aDelhibMittal Publication c2005 a321p aincludes index and biblioraphy2 aBibliography, Index aMysticism-Comparative Study1 aAdhakha, S K bSRS cBK 001040708StackRoom-aHMIbHMId2008-04-03g695.00l1o291.422 ADHp021351r2024-01-31s2024-01-24v695.00w2005-05-24yBK c14380d14380